01229nam a2200289 a 450000100060000000300080000600500170001400800410003103500190007204000350009104100080012608200250013424500690015926000740022830000230030250000120032565000340033765100340037170000560040570000370046171000790049883000470057794200120062499900170063695201430065395201430079645562BD-RjUL20211209054031.0270716m19561952ilu b 001 0 eng d a(BD-RjUL)45680 aBD-RjULbengcBD-RjULdBD-RjUL aeng 223a338.91bPRO 195604aThe progress of underdeveloped areas /cedited by B.F. Hoselitz. aChicago :bUniversity of Chicago Press,c1952, [2nd. Impression 1956] ax, 296 p. ;c24 cm a index. 0aTechnical assistance.9139472 0aDeveloping countries.91394731 aHoselitz, Bert F.q(Bert Frank),d1913-199591315971 aGerschenkron, Alexander.91394742 aNorman Wait Harris Memorial Foundation.bInstituten(27th :d1951)9139475 0aHarris Foundation lectures ;v19519139476 2ddccBK c45562d45562 00102ddc40708NFICaRUCLbRUCLcStackd1961-12-05emr. H. Rahman, Karachel0o338.91 PRO 1956r2016-07-27 00:00:00tC-2w2016-07-27yBK 00102ddc40708NFICaRUCLbRUCLcStackd1961-12-05emr. H. Rahman, Karachel0o338.91 PRO 1956r2016-07-27 00:00:00tC-3w2016-07-27yBK